| 000 | 01034pam a2200313 a 4500 | ||
|---|---|---|---|
| 999 |
_c2645 _d2645 |
||
| 003 | OSt | ||
| 005 | 20210716053320.0 | ||
| 008 | 840918s1986 enka b 001 0 eng c | ||
| 020 | _a0192614533 (pbk.) : | ||
| 040 | _cALUPE UNIVERSITY | ||
| 043 | _ad------ | ||
| 050 | 0 | 0 |
_aRT98 _b.B97 1986 |
| 060 | _aWY 108 B995c | ||
| 100 | 1 | _aByrne, Monica. | |
| 245 | 1 | 0 |
_aCommunity nursing in developing countries : _ba manual for the community nurse / _cMonica Byrne, F.J. Bennett. |
| 250 | _a2nd ed. | ||
| 260 |
_aOxford ; _aNew York : _bOxford University Press, _c1986. |
||
| 300 |
_a251 p. : _bill. ; _c25 cm. |
||
| 440 | 0 | _aOxford medical publications | |
| 500 | _aIncludes index. | ||
| 504 | _aBibliography: p. [246] | ||
| 650 | 0 |
_aCommunity health nursing _zDeveloping countries. |
|
| 650 | 0 |
_aPublic health nursing _zDeveloping countries. |
|
| 650 | 2 | _aCommunity Health Nursing. | |
| 650 | 2 | _aPublic Health Nursing. | |
| 700 | 1 | _aBennett, F. J. | |
| 906 |
_a7 _bcbc _corignew _d1 _eocip _f19 _gy-gencatlg |
||
| 942 |
_2lcc _cREF _nJO |
||